Counter-Strike IEM Rio 2026 Players - Statistics

General Stats
  • This quiz has been taken 10 times
    5 since last reset
  • The average score is 72 of 80
Answer Stats
Team Country Player % Correct
Natus Vincere Finland Aleksib
100%
Gentle Mates Spain alex
100%
B8 Ukraine alex666
100%
Vitality France apEX
100%
Natus Vincere Ukraine b1t
100%
MOUZ Sweden Brollan
100%
Spirit Russia donk
100%
Liquid United States EliGE
100%
3DMAX France Ex3rcice
100%
FURIA Brazil FalleN
100%
Vitality Israel flameZ
100%
3DMAX France Graviti
100%
G2 Israel HeavyGod
100%
Natus Vincere Romania iM
100%
MOUZ Finland Jimpphat
100%
Passion UA South Africa JT
100%
B8 Ukraine kensizor
100%
FURIA Brazil KSCERATO
100%
Falcons Russia kyousuke
100%
Falcons North Macedonia kyxsan
100%
Legacy Brazil latto
100%
Falcons Russia m0NESY
100%
Spirit Russia magixx
100%
Aurora Turkey MAJ3R
100%
3DMAX France Maka
100%
Natus Vincere Kosovo makazze
100%
Liquid Guatemala malbsMd
100%
Gentle Mates Spain MartinezSa
100%
G2 Slovakia MATYS
100%
Vitality United Kingdom mezii
100%
3DMAX France misutaaa
100%
FURIA Kazakhstan molodoy
100%
HOTU Russia n0rb3r7
100%
Liquid Canada NAF
100%
G2 Israel NertZ
100%
Falcons Bosnia & Herzegovina NiKo
100%
Vitality Estonia ropz
100%
Legacy Brazil saadzin
100%
Spirit Russia sh1ro
100%
Liquid Poland siuhy
100%
Aurora Turkey soulfly
100%
MOUZ Israel Spinx
100%
G2 Spain SunPayus
100%
G2 Lithuania tAk
100%
Falcons Denmark TeSeS
100%
Spirit Belarus tN1R
100%
MOUZ Hungary torzsi
100%
Liquid Poland ultimate
100%
Natus Vincere Ukraine w0nderful
100%
Aurora Turkey Wicadia
100%
Aurora Turkey woxic
100%
Aurora Turkey XANTARES
100%
MOUZ Israel xertioN
100%
FURIA Latvia YEKINDAR
100%
FURIA Brazil yuurih
100%
Spirit Ukraine zont1x
100%
Vitality France ZywOo
100%
Legacy Brazil arT
75%
Gentle Mates Spain dav1g
75%
HOTU Kazakhstan dukefissura
75%
Legacy Brazil dumau
75%
Passion UA Ukraine Kvem
75%
3DMAX France Lucky
75%
Gentle Mates Spain mopoz
75%
Legacy Brazil n1ssim
75%
Passion UA United States nicx
75%
B8 Ukraine npl
75%
B8 Ukraine s1zzi
75%
Gentle Mates Spain sausol
75%
RED Canids Brazil chayJESUS
50%
RED Canids Chile dav1deuS
50%
RED Canids Brazil drop
50%
B8 Ukraine esenthial
50%
Passion UA Canada FaNg
50%
HOTU Russia frontales
50%
HOTU Kazakhstan kAlash
50%
RED Canids Brazil kauez
50%
HOTU Russia mizu
50%
RED Canids Brazil reNTU
50%
Passion UA Argentina try
50%
No matching quizzes found
Score Distribution
Percent of People with Each Score
Percentile by Number Answered
Your Score History
You have not taken this quiz since the last reset